Bác Hố về nước Hồi ký

Gorde:
Xehetasun bibliografikoak
Formatua: Liburua
Hizkuntza:Vietnamese
Argitaratua: H. Văn học 1995
Gaiak:
Etiketak: Etiketa erantsi
Etiketarik gabe, Izan zaitez lehena erregistro honi etiketa jartzen!
Thư viện lưu trữ: Mạng thư viện Đại học Đà Nẵng
LEADER 00962nam a2200301 4500
001 000007514
003 3676
005 20111005091043.0
008 111005s1995 viesd
020 |c 41000đ 
041 0 |a vie 
082 |a 895.922803  |b Bac 
245 0 |a Bác Hố về nước  |b Hồi ký  |c Triều Ân tuyển chọn 
260 |a H.  |b Văn học  |c 1995 
300 |a 447 tr  |c 19 cm. 
653 |a Bác Hồ 
653 |a Về nước 
910 |a Huỳnh Thị Cẩm Lai  |d 05/10/2011 
OWN |a LSP 
AVA |a UDN50  |b LSP  |d 895.922803 Bac  |e available  |t Error 5001 Not defined in file expand_doc_bib_avail.  |f 1  |g 0  |h N  |i 0  |k 1 
999 |a From the UDN01 
AVA |a UDN50  |b LSP  |d 895.922803 Bac  |e available  |t Error 5001 Not defined in file expand_doc_bib_avail.  |f 1  |g 0  |h N  |i 0  |k 1 
TYP |a Monograph 
TYP |a Printed language 
980 |a Mạng thư viện Đại học Đà Nẵng